01138nam a2200325 i 4500001001000000003000900010005001700019007000300036008004100039040003000080041000800110082002200118100005300140245007100193250002700264264007100291300002800362336002700390337003400417338003000451590002700481650002600508650002400534650001300558700003500571910003700606942001400643952013800657999001700795000047857DO-SdBNP20260508134417.0ta110304s2011 dr 000 0 spa d aDO-SdBNPbspacBNPHUerda aspa 4a248.5bT173j 20111 aTardif, Emiliano,d1928-19999350304aut.eautor10aJesús es el Mesías /cEmiliano Tardif, José H. Prado Flores. aDuodécima edición  4aSanto Domingo, República Dominicana :bEdiciones M.S.C.,c©2011 a146 páginas ;c21 cm. atextobtxt2rdacontent asin mediación bn2rdamedia avolumen bnc2rdacarrier  aInventariado, 2018/ YL 4aEvangelización9476 0aVida cristiana9668 0aFe910241 aPrado Flores, José H.910971 aValidado. Control de calidad MFF 2ddccLBS1 00102ddc51708PDaBNPHUbBNPHUcHDd2018-08-30l0oBNPHU PD 248.5 T183j 2011p47857-10r2020-06-25w2020-06-25yLBS1ZNo se presta c47345d47345